[Event "37th Greek Teams"]
[Site "Kallithea GRE"]
[Date "2009.07.04"]
[Round "1"]
[White "Navara,D"]
[Black "Papaioannou,I"]
[Result "1/2-1/2"]
[WhiteElo "2687"]
[BlackElo "2624"]
[EventDate "2009.07.03"]

1. d4 Nf6 2. c4 e6 3. Nf3 Bb4+ 4. Nbd2 b6 5. a3 Bxd2+ 6. Qxd2 Bb7 7. e3 O-O
8. Be2 d6 9. O-O Nbd7 10. b4 Ne4 11. Qc2 f5 12. Bb2 Rf6 13. d5 Rh6 14. g3
c5 15. Nd2 exd5 16. cxd5 Qe7 17. Bc4 Rc8 18. b5 Re8 19. f3 Nxd2 20. Qxd2
Ne5 21. Ba2 Rg6 22. Rae1 a6 23. f4 Ng4 24. Bb1 Qf7 25. Qd3 Re4 26. bxa6
Bxd5 27. a7 Ba8 1/2-1/2

[Event "37th Greek Teams"]
[Site "Kallithea GRE"]
[Date "2009.07.04"]
[Round "1"]
[White "Halkias,S"]
[Black "Svetushkin,D"]
[Result "1-0"]
[WhiteElo "2564"]
[BlackElo "2607"]
[EventDate "2009.07.03"]

1. d4 d5 2. c4 c6 3. Nf3 Nf6 4. Nc3 a6 5. c5 Bf5 6. Bf4 Nbd7 7. e3 Nh5 8.
Be5 f6 9. Bg3 e5 10. Nh4 Bg6 11. f4 Nxg3 12. hxg3 Bf7 13. Qc2 e4 14. g4 g6
15. Be2 Be7 16. g3 Kf8 17. Kf2 Kg7 18. Na4 Qc7 19. Rac1 Rhc8 20. Qd2 b6 21.
cxb6 Nxb6 22. Nc5 Nd7 23. b4 a5 24. a3 Ra7 25. Rc2 axb4 26. axb4 Nb6 27.
Rhc1 Bxc5 28. dxc5 Nc4 29. Qd4 Qe7 30. g5 Rb8 31. Rh1 Bg8 32. Ra1 Rxa1 33.
Qxa1 Rxb4 34. Ra2 Rb7 35. Ra8 Nb2 36. Qa3 Bf7 37. Qc3 Nd3+ 38. Bxd3 exd3
39. Nf3 Be6 40. Nd4 Bf7 41. Nxc6 d2 42. Ke2 Qe6 43. Qxf6+ Qxf6 44. gxf6+
Kxf6 45. Kxd2 g5 46. Nd4 gxf4 47. exf4 Rb2+ 48. Kc3 Rg2 49. Ra6+ Ke7 50.
Nf5+ Kd7 51. c6+ 1-0

[Event "37th Greek Teams"]
[Site "Kallithea GRE"]
[Date "2009.07.04"]
[Round "1"]
[White "Psomiadis,S"]
[Black "Skembris,S"]
[Result "0-1"]
[WhiteElo "2204"]
[BlackElo "2452"]
[EventDate "2009.07.03"]

1. Nf3 c5 2. e4 Nc6 3. Bb5 g6 4. Bxc6 dxc6 5. d3 Bg7 6. h3 Nf6 7. Nc3 O-O
8. Be3 Qa5 9. Qd2 Rd8 10. O-O c4 11. e5 Nd5 12. Nxd5 Qxd5 13. dxc4 Qxd2 14.
Bxd2 Be6 15. Bb4 Bxc4 16. Rfe1 Kf8 17. b3 Bd5 18. Nh2 b6 19. Nf1 a5 20. Bc3
b5 21. a3 c5 22. Ne3 Be6 23. Red1 Rxd1+ 24. Rxd1 b4 25. axb4 axb4 26. Ra1
Rxa1+ 27. Bxa1 Bh6 28. Kf1 Bxe3 29. fxe3 Bf5 30. c3 Bc2 31. cxb4 cxb4 32.
Ke2 Bxb3 33. Kd3 Ke8 34. Kd4 Be6 35. Kc5 b3 36. Bb2 g5 37. Kd4 h5 38. e4 h4
39. Kd3 Kd7 40. Bc1 f6 41. Bb2 f5 42. exf5 Bxf5+ 43. Kc3 Bxh3 44. gxh3 g4
45. Bc1 gxh3 46. Bf4 Ke6 47. Kxb3 Kf5 48. Bh2 Ke4 49. e6 Kf3 0-1

[Event "37th Greek Teams"]
[Site "Kallithea GRE"]
[Date "2009.07.04"]
[Round "1"]
[White "Pavlidis,Ant"]
[Black "Kritsikis,Evag"]
[Result "1-0"]
[WhiteElo "2360"]
[BlackElo "2038"]
[EventDate "2009.07.03"]

1. e4 c5 2. Nf3 d6 3. d4 cxd4 4. Nxd4 Nf6 5. Nc3 a6 6. Bg5 e6 7. f4 Be7 8.
Qf3 h6 9. Bh4 Nbd7 10. O-O-O Qc7 11. Be2 g5 12. fxg5 Ne5 13. Qf2 Nfg4 14.
Bxg4 Nxg4 15. Qg3 hxg5 16. Qxg4 Rxh4 17. Qg3 Qc5 18. Rhf1 Bd7 19. Kb1 Rh7
20. Nf3 O-O-O 21. Rd3 Kb8 22. Rfd1 Bc6 23. Nd4 Be8 24. Nb3 Qc7 25. h3 Bc6
26. Nd4 Be8 27. Qe1 Rc8 28. Qd2 Qb6 29. Nce2 Rh4 30. Rb3 Qc5 31. Nc3 Rh8
32. Qe2 Qc4 33. Qf3 Qc7 34. Rd3 Rh4 35. g4 Rh6 36. Qe2 Bf6 37. Nd1 Qe7 38.
Rd2 Ka8 39. Ra3 Kb8 40. Nf2 Be5 41. Rb3 Ka8 42. Rdd3 Rc5 43. Rb4 Qc7 44.
Ra3 Bd7 45. Nf3 Ra5 46. Rab3 Bc6 47. a3 f6 48. Qd2 Rh8 49. Nd4 Bxd4 50.
Qxd4 Rf8 51. Rc4 Qd7 52. Qb6 Rb5 53. Rxb5 axb5 54. Qa5+ Kb8 55. Rd4 Qc7 56.
Qd2 d5 57. exd5 Bxd5 58. Nd1 Qg3 59. Qb4 Rc8 60. Nc3 Qg1+ 61. Rd1 Qc5 62.
Qxc5 Rxc5 63. Nxd5 exd5 64. Re1 d4 65. Rf1 Rc6 66. Rf5 Rd6 67. Kc1 Kc7 68.
Kd2 Re6 69. Rf3 Kd6 70. Kd3 Ke7 71. Kxd4 Rc6 72. Rc3 Rd6+ 73. Kc5 Re6 74.
Kxb5 Rd6 75. Re3+ Kd7 76. Rd3 1-0

[Event "37th Greek Teams"]
[Site "Kallithea GRE"]
[Date "2009.07.04"]
[Round "1"]
[White "Kelesiadis,G"]
[Black "Ketzetzis,G"]
[Result "1-0"]
[WhiteElo "2061"]
[BlackElo "2222"]
[EventDate "2009.07.03"]

1. e4 c6 2. Nf3 d5 3. e5 Bg4 4. d4 e6 5. c3 Ne7 6. Be3 Nf5 7. Nbd2 c5 8.
dxc5 Nxe3 9. fxe3 Bxc5 10. Qa4+ Nc6 11. Qxg4 O-O 12. Bd3 Bxe3 13. O-O-O Rc8
14. Kb1 f5 15. exf6 Qxf6 16. Rhe1 Qh6 17. Nf1 Rf4 18. Qg3 Bb6 19. Rxe6 Rxf3
20. Rxh6 Rxg3 21. Rxc6 1-0

[Event "37th Greek Teams"]
[Site "Kallithea GRE"]
[Date "2009.07.04"]
[Round "1"]
[White "Botsari,A"]
[Black "Dimitriadi,A"]
[Result "1-0"]
[WhiteElo "2298"]
[BlackElo "1895"]
[EventDate "2009.07.03"]

1. d4 d5 2. Nf3 Nf6 3. c4 dxc4 4. e3 e6 5. Bxc4 c5 6. O-O a6 7. a4 Nc6 8.
Qe2 Qc7 9. Nc3 Bd6 10. h3 O-O 11. Rd1 Re8 12. b3 Bd7 13. Bb2 cxd4 14. exd4
Rad8 15. Ne4 Be7 16. Rac1 Qf4 17. Nc5 Bc8 18. Bd3 Nb4 19. Bb1 b6 20. Nd3
Nxd3 21. Bxd3 Bb7 22. Ne5 Qg5 23. g3 Nd5 24. h4 Qh6 25. Qf3 Rc8 26. Qxf7+
Kh8 27. Ng4 Rxc1 1-0

[Event "37th Greek Teams"]
[Site "Kallithea GRE"]
[Date "2009.07.04"]
[Round "1"]
[White "Vatkali,D"]
[Black "Vafiadou,A"]
[Result "1-0"]
[WhiteElo "1865"]
[BlackElo "1588"]
[EventDate "2009.07.03"]

1. e4 e5 2. Nf3 Nf6 3. d4 Nxe4 4. Bd3 d5 5. dxe5 Bg4 6. Bxe4 dxe4 7. Qxd8+
Kxd8 8. Ng5 Bh5 9. Nxe4 Bg6 10. Bg5+ Be7 11. Nbc3 Bxg5 12. Nxg5 c6 13.
O-O-O+ Kc7 14. f4 Nd7 15. g4 h5 16. f5 Bxf5 17. gxf5 Nxe5 18. Rhe1 Rhe8 19.
h3 Rad8 20. Rxd8 Kxd8 21. Rxe5 1-0

[Event "37th Greek Teams"]
[Site "Kallithea GRE"]
[Date "2009.07.04"]
[Round "1"]
[White "Sevastopoulos,V"]
[Black "Skoulakis,C"]
[Result "1-0"]
[WhiteElo "2062"]
[BlackElo "2132"]
[EventDate "2009.07.03"]

1. d4 d5 2. Nf3 Nf6 3. c4 c6 4. e3 Bg4 5. Nc3 e6 6. Be2 Nbd7 7. O-O Bd6 8.
Qc2 O-O 9. e4 e5 10. cxd5 Bxf3 11. Bxf3 exd4 12. Ne2 cxd5 13. exd5 Qe7 14.
Bg5 Nc5 15. Qd2 d3 16. Ng3 Bxg3 17. hxg3 a5 18. Rac1 b6 19. Rfe1 Qd6 20.
Bf4 Qd7 21. Be3 Qb5 22. Bxc5 bxc5 23. a4 Qxa4 24. Qxd3 Rfe8 25. d6 Rad8 26.
Red1 Qb4 27. Qa6 Nd7 28. Qa7 Ne5 29. Rxc5 Qb3 30. Qb7 Qe6 31. Qc7 Rd7 32.
Rxe5 1-0

[Event "37th Greek Teams"]
[Site "Kallithea GRE"]
[Date "2009.07.04"]
[Round "1"]
[White "Kazantzidis,I"]
[Black "Konstantinidis,K"]
[Result "0-1"]
[WhiteElo "2106"]
[BlackElo "1930"]
[EventDate "2009.07.03"]

1. d4 d6 2. Nf3 Nf6 3. c4 g6 4. Nc3 Bg7 5. e4 O-O 6. Be2 e5 7. O-O Nc6 8.
d5 Ne7 9. Ne1 Ne8 10. f3 c5 11. dxc6 Qb6+ 12. Kh1 bxc6 13. Nc2 Be6 14. Be3
Qd8 15. b4 f5 16. Qd2 d5 17. cxd5 cxd5 18. Bc5 d4 19. Na4 Nd6 20. Bd3 Qd7
21. b5 Nb7 22. Ba3 Rfe8 23. Nb4 Nc8 24. Nc6 Nb6 25. Nc5 Nxc5 26. Bxc5 Nc4
27. Qb4 Ne3 28. Rfb1 fxe4 29. fxe4 Nxg2 30. Kxg2 Bh3+ 31. Kh1 Qg4 32. Rb2
Qf3+ 33. Kg1 Bh6 34. Bc4+ Kh8 35. Re1 Qg4+ 36. Kh1 Qf3+ 37. Kg1 Rf8 38.
Bxf8 Rxf8 39. Qxf8+ Qxf8 40. Rf2 Qc5 41. Rf3 d3+ 42. Kh1 d2 0-1

[Event "37th Greek Teams"]
[Site "Kallithea GRE"]
[Date "2009.07.04"]
[Round "1"]
[White "Palaskos,A"]
[Black "Kafetzis,G"]
[Result "1/2-1/2"]
[WhiteElo "1759"]
[BlackElo "1892"]
[EventDate "2009.07.03"]

1. e4 c5 2. Nf3 e6 3. d4 cxd4 4. Nxd4 Nc6 5. Nc3 Qc7 6. Be3 a6 7. Be2 Nf6
8. O-O Bb4 9. Na4 O-O 10. Nxc6 bxc6 11. Nb6 Rb8 12. Nxc8 Rfxc8 13. Bd3 Bd6
14. h3 Be5 15. Bxa6 Rd8 16. Bd3 Bxb2 17. Rb1 Qa5 18. f4 Qxa2 19. Qf3 Bc3
20. Rbd1 Qa4 21. e5 Nd5 22. Kh1 Qb4 23. Qg3 f5 24. exf6 Bxf6 25. Qf3 Rf8
26. Bd2 Qd6 27. Qe4 g6 28. c4 Nc3 29. Bxc3 Bxc3 30. Qf3 Qe7 31. Bxg6 Qg7
32. Be4 d5 33. cxd5 cxd5 34. Bb1 Rb4 35. Qe3 Qf6 36. Rf3 d4 37. Qd3 Qf5 38.
g4 Qxd3 39. Bxd3 e5 40. Rdf1 exf4 41. Rxf4 Rxf4 42. Rxf4 Bd2 43. Rf3 Be3
44. Kg2 Kg7 45. Kf1 h6 46. Ke1 Rb3 47. Ke2 Rb2+ 48. Ke1 Rb3 49. Ke2 Rb2+
50. Ke1 Rb3 51. Be4 Rb6 1/2-1/2

[Event "37th Greek Teams"]
[Site "Kallithea GRE"]
[Date "2009.07.04"]
[Round "1"]
[White "Serefidou,D"]
[Black "Papavlasopoulos,D"]
[Result "1-0"]
[WhiteElo "1638"]
[BlackElo "1426"]
[EventDate "2009.07.03"]

1. e4 c5 2. Nf3 e6 3. d4 cxd4 4. Nxd4 a6 5. Nc3 Qc7 6. Be3 Bb4 7. Qd3 Nf6
8. f3 d5 9. exd5 Nxd5 10. Bd2 Nd7 11. Nxd5 Bxd2+ 12. Qxd2 exd5 13. Be2 Ne5
14. O-O O-O 15. Kh1 Nc4 16. Qc3 Qf4 17. Bxc4 dxc4 18. Qxc4 Rd8 19. c3 Bd7
20. Qb3 b5 21. Rfe1 Qg5 22. Re4 a5 23. a3 b4 24. axb4 axb4 25. Rae1 bxc3
26. bxc3 Ba4 27. Qxa4 f5 28. Qc4+ Kh8 29. Ne6 Qd2 30. Nxd8 fxe4 31. Nf7+
1-0

[Event "37th Greek Teams"]
[Site "Kallithea GRE"]
[Date "2009.07.04"]
[Round "1"]
[White "Ivanchuk,V"]
[Black "Mchedlishvili,M"]
[Result "1/2-1/2"]
[WhiteElo "2703"]
[BlackElo "2592"]
[EventDate "2009.07.03"]

1. e4 c6 2. d4 d5 3. f3 e6 4. Nc3 Bb4 5. Nge2 dxe4 6. a3 Ba5 7. fxe4 e5 8.
Qd3 Qh4+ 9. g3 Qe7 10. d5 Nf6 11. d6 Qe6 12. h4 Ng4 13. Bh3 h5 14. Rf1 Qg6
15. Rf5 f6 16. Bd2 Qf7 17. Bxg4 hxg4 18. Rf2 Be6 19. Na4 Bb6 20. Be3 Nd7
21. O-O-O Qg6 22. b3 Bxe3+ 23. Qxe3 Qh6 24. Qxh6 Rxh6 25. Nb2 b5 26. Nd3 a5
27. Kd2 Rh8 28. Ke3 Kf7 29. Nc3 Rhb8 30. Rfd2 Ra6 31. h5 Kg8 32. Rh2
1/2-1/2

[Event "37th Greek Teams"]
[Site "Kallithea GRE"]
[Date "2009.07.04"]
[Round "1"]
[White "Ragger,M"]
[Black "Macieja,B"]
[Result "0-1"]
[WhiteElo "2563"]
[BlackElo "2612"]
[EventDate "2009.07.03"]

1. Nf3 c5 2. c4 Nf6 3. Nc3 Nc6 4. g3 g6 5. Bg2 Bg7 6. O-O O-O 7. d4 cxd4 8.
Nxd4 Nxd4 9. Qxd4 d6 10. Qd3 a6 11. Bd2 Rb8 12. Rac1 Be6 13. b3 Qd7 14. a4
Bh3 15. e4 Bxg2 16. Kxg2 Rfe8 17. Rfd1 Qc6 18. Nd5 Nd7 19. f3 Nc5 20. Qc2
e6 21. Nb4 Qb6 22. a5 Qc7 23. Nd3 b6 24. Bf4 Bd4 25. axb6 Rxb6 26. b4 Nxd3
27. Qxd3 e5 28. Bd2 Reb8 29. Rc2 Rxb4 30. Bxb4 Rxb4 31. c5 dxc5 32. Qxa6 c4
33. Qa3 Qb7 34. g4 Kg7 35. Qa5 c3 36. Rd3 Rb5 37. Qa2 Qc7 38. Rd1 Qb6 39.
Rdc1 Rb2 40. Qa4 Be3 41. Re1 Qd4 0-1

[Event "37th Greek Teams"]
[Site "Kallithea GRE"]
[Date "2009.07.04"]
[Round "1"]
[White "Tzermiadianos,An"]
[Black "Tsiamis,K"]
[Result "1-0"]
[WhiteElo "2447"]
[BlackElo "2303"]
[EventDate "2009.07.03"]

1. e4 e5 2. f4 Bc5 3. Nf3 d6 4. c3 Nf6 5. d4 exd4 6. cxd4 Bb6 7. Bd3 d5 8.
e5 Ne4 9. Nc3 Bf5 10. Be3 Nc6 11. O-O O-O 12. Rc1 Nxc3 13. Rxc3 Bxd3 14.
Qxd3 f5 15. exf6 Qxf6 16. Ne5 Nxe5 17. dxe5 Bxe3+ 18. Qxe3 Qe7 19. Qd4 c6
20. f5 Rae8 21. Re3 a6 22. h4 Qd7 23. f6 gxf6 24. exf6 Rxe3 25. Qxe3 d4 26.
Qg5+ Kh8 27. Re1 d3 28. Qe5 Qd5 29. Qc3 Kg8 30. Re5 Qf7 31. Rf5 Rd8 32.
Rg5+ Kh8 33. Rg7 d2 34. Rxf7 d1=Q+ 35. Kh2 Qd6+ 36. Qg3 Qxg3+ 37. Kxg3 b5
38. Rc7 Kg8 39. Rg7+ Kf8 40. Kf4 Rd2 41. g4 h6 42. g5 1-0

[Event "37th Greek Teams"]
[Site "Kallithea GRE"]
[Date "2009.07.04"]
[Round "1"]
[White "Skalkotas,N"]
[Black "Gavrilakis,N"]
[Result "1/2-1/2"]
[WhiteElo "2197"]
[BlackElo "2412"]
[EventDate "2009.07.03"]

1. c4 e5 2. Nc3 Nc6 3. e3 Nf6 4. Qc2 g6 5. a3 Bg7 6. b4 O-O 7. Bb2 d6 8.
Nf3 Re8 9. d3 a5 10. b5 Nb8 11. Be2 Nbd7 12. d4 exd4 13. Nxd4 Nc5 14. O-O
Bg4 15. a4 Bxe2 16. Ncxe2 Nh5 1/2-1/2

[Event "37th Greek Teams"]
[Site "Kallithea GRE"]
[Date "2009.07.04"]
[Round "1"]
[White "Mihailidis,A"]
[Black "Sismanis,A"]
[Result "0-1"]
[WhiteElo "2260"]
[BlackElo "2194"]
[EventDate "2009.07.03"]

1. e4 c5 2. c3 d5 3. exd5 Qxd5 4. d4 Nf6 5. Nf3 e6 6. Bd3 Be7 7. O-O O-O 8.
Be3 cxd4 9. cxd4 b6 10. Nc3 Qd8 11. Re1 Bb7 12. a3 Nc6 13. Bc2 Rc8 14. Qd3
g6 15. Bh6 Re8 16. Rad1 Nd5 17. Nxd5 Qxd5 18. Bb3 Qh5 19. Bd2 Bf6 20. d5
exd5 21. Bxd5 Red8 22. Bc3 Nb4 23. Bxf6 Nxd3 24. Bxb7 Nxe1 25. Rxe1 Rb8 26.
Bxd8 Rxd8 27. Ba6 Qc5 28. h4 b5 29. Re5 Rd1+ 30. Kh2 Qd6 0-1

[Event "37th Greek Teams"]
[Site "Kallithea GRE"]
[Date "2009.07.04"]
[Round "1"]
[White "Ikonomopoulou,M"]
[Black "Papadopoulou,V"]
[Result "0-1"]
[WhiteElo "2052"]
[BlackElo "2160"]
[EventDate "2009.07.03"]

1. e4 c5 2. Nf3 d6 3. d4 cxd4 4. Nxd4 Nf6 5. Nc3 a6 6. Bc4 e6 7. Bb3 b5 8.
f4 Bb7 9. e5 dxe5 10. fxe5 Bc5 11. Be3 Bxd4 12. Qxd4 Qxd4 13. Bxd4 Nfd7 14.
O-O O-O 15. Rad1 Nc6 16. Rfe1 Rad8 17. a3 Nxd4 18. Rxd4 Nc5 19. Red1 Rxd4
20. Rxd4 Rc8 21. a4 Bc6 22. axb5 axb5 23. Rd6 Nd7 24. Ne2 Kf8 25. Nd4 Nxe5
26. Nxc6 Nxc6 27. c3 Ke7 28. Rd1 Rb8 29. Ra1 Ne5 30. Re1 Nd3 31. Rb1 b4 32.
Bc2 Nc5 33. cxb4 Rxb4 34. Kf1 f5 35. Ke2 g6 36. Kd2 e5 37. Kc3 Rb6 38. b4
Nb7 39. Re1 Kf6 40. Ba4 0-1

[Event "37th Greek Teams"]
[Site "Kallithea GRE"]
[Date "2009.07.04"]
[Round "1"]
[White "Iordanidou,Z"]
[Black "Magklara,E"]
[Result "1-0"]
[WhiteElo "2114"]
[BlackElo "1758"]
[EventDate "2009.07.03"]

1. e4 e6 2. d3 d5 3. Nd2 Nf6 4. g3 c5 5. Bg2 Nc6 6. f4 Be7 7. Ngf3 O-O 8.
O-O b5 9. e5 Nd7 10. Re1 Qc7 11. Nf1 f6 12. Bh3 Nb6 13. exf6 Bxf6 14. c3 d4
15. Qb3 Nd5 16. Bxe6+ Bxe6 17. Rxe6 Qd7 18. Re4 dxc3 19. Ne3 cxb2 20. Bxb2
Bxb2 21. Qxb2 Nf6 22. Ne5 Qd6 23. Nf5 Qc7 24. Nxc6 Nxe4 25. Nce7+ Qxe7 26.
Nxe7+ Kf7 27. dxe4 Kxe7 28. Qxg7+ 1-0

[Event "37th Greek Teams"]
[Site "Kallithea GRE"]
[Date "2009.07.04"]
[Round "1"]
[White "Selianiti,E"]
[Black "Habesi,A"]
[Result "0-1"]
[WhiteElo "1713"]
[BlackElo "1663"]
[EventDate "2009.07.03"]

1. e4 e5 2. Nf3 Nc6 3. Bc4 Bc5 4. c3 Nf6 5. d3 a6 6. b4 Ba7 7. a4 d6 8. Ng5
O-O 9. Be3 Bxe3 10. fxe3 Ng4 11. Nxf7 Rxf7 12. Bxf7+ Kxf7 13. O-O+ Kg8 14.
Qf3 Nf6 15. h3 Bd7 16. Nd2 Qe7 17. Rf2 Nd8 18. Nf1 Ne6 19. h4 Nf8 20. Ng3
Ng4 21. Raf1 Nxf2 22. Qxf2 Ng6 23. h5 Rf8 24. Nf5 Bxf5 25. exf5 Nh8 26. Qg3
Qf6 27. Qf3 c6 28. b5 axb5 29. axb5 Qg5 30. bxc6 bxc6 31. d4 exd4 32. cxd4
d5 33. e4 dxe4 34. Qxe4 Nf7 35. Qe6 Qf6 36. Rf4 Qxe6 37. fxe6 Nd6 38. Rg4
Re8 39. h6 g6 0-1

[Event "37th Greek Teams"]
[Site "Kallithea GRE"]
[Date "2009.07.04"]
[Round "1"]
[White "Noutsos,S"]
[Black "Stathopoulos,I"]
[Result "0-1"]
[WhiteElo "1459"]
[BlackElo "1909"]
[EventDate "2009.07.03"]

1. d4 Nf6 2. c4 e6 3. Nc3 Bb4 4. Nf3 b6 5. Bg5 h6 6. Bh4 Bb7 7. e3 O-O 8.
Bd3 g5 9. Bg3 Ne4 10. Rc1 f5 11. O-O h5 12. h3 Nxg3 13. fxg3 g4 14. Nd2 Qg5
15. Qe1 gxh3 16. gxh3 h4 17. Nf3 Qxg3+ 18. Qxg3+ hxg3 19. Kg2 Bxc3 20. bxc3
Nc6 21. Kxg3 Ba6 22. Kf2 Na5 23. Nd2 d5 24. Rg1+ Kh7 25. Nf3 Rf6 26. Rg5
Rg8 27. Rh5+ Kg7 28. Rg1+ Rg6 29. Ng5 Kf6 30. Nh7+ Ke7 31. Ng5 Bxc4 32.
Rh7+ R6g7 33. Rxg7+ Rxg7 34. Bxc4 Nxc4 35. h4 Nd6 36. Kf3 Ne4 37. Nh3 Rxg1
38. Nxg1 Nxc3 39. a3 b5 40. h5 Kf6 41. Nh3 a5 42. Kf4 b4 43. axb4 axb4 44.
Ng5 Ne2+ 0-1

[Event "37th Greek Teams"]
[Site "Kallithea GRE"]
[Date "2009.07.04"]
[Round "1"]
[White "Azmaiparashvili,Z"]
[Black "Miroshnichenko,E"]
[Result "1-0"]
[WhiteElo "2626"]
[BlackElo "2696"]
[EventDate "2009.07.03"]

1. d4 Nf6 2. c4 e6 3. Nf3 c5 4. d5 b5 5. Bg5 h6 6. Bxf6 Qxf6 7. Nc3 b4 8.
Nb5 Kd8 9. e4 g5 10. e5 Qg7 11. h3 Bb7 12. Qa4 a5 13. O-O-O h5 14. h4 g4
15. Ng5 exd5 16. cxd5 f6 17. Ne6+ dxe6 18. dxe6+ Kc8 19. Na7+ 1-0

[Event "37th Greek Teams"]
[Site "Kallithea GRE"]
[Date "2009.07.04"]
[Round "1"]
[White "Wojtaszek,R"]
[Black "Istratescu,A"]
[Result "1-0"]
[WhiteElo "2637"]
[BlackElo "2624"]
[EventDate "2009.07.03"]

1. d4 e6 2. c4 Bb4+ 3. Nc3 f5 4. e3 Nf6 5. Nge2 Ne4 6. Qc2 b6 7. a3 Bxc3+
8. Nxc3 Bb7 9. b3 Qe7 10. Bb2 d6 11. d5 Nxc3 12. Bxc3 Nd7 13. Be2 Nf6 14.
O-O O-O 15. Rad1 Rae8 16. Bb2 Kh8 17. Rfe1 Qf7 18. Bf1 Re7 19. f3 exd5 20.
Qxf5 dxc4 21. Bxc4 Qe8 22. Bb5 Bc6 23. Bxc6 Qxc6 24. b4 Qd7 25. Qxd7 Rxd7
26. e4 Kg8 27. Rc1 Kf7 28. Rc6 Ke8 29. g4 Kd8 30. Kg2 Rdf7 31. e5 dxe5 32.
Bxe5 Nd5 33. Rd1 Rd7 34. Kg3 g6 35. f4 Rff7 36. b5 Kc8 37. Rd4 Kb7 38. Kf3
a6 39. a4 a5 40. Ke4 Nb4 41. Rcc4 c6 42. f5 gxf5+ 43. gxf5 Rde7 44. Rd6 1-0

[Event "37th Greek Teams"]
[Site "Kallithea GRE"]
[Date "2009.07.04"]
[Round "1"]
[White "Tsekouras,T"]
[Black "Mastrovasilis,D"]
[Result "0-1"]
[WhiteElo "2216"]
[BlackElo "2567"]
[EventDate "2009.07.03"]

1. d4 d5 2. c4 e6 3. Nc3 a6 4. e3 Nf6 5. Nf3 c5 6. a3 Nc6 7. dxc5 Bxc5 8.
b4 Bd6 9. Bb2 O-O 10. Be2 dxc4 11. Bxc4 b5 12. Bd3 Ne5 13. Nxe5 Bxe5 14.
Qe2 Bb7 15. f3 Rc8 16. Rc1 Qd6 17. Kf2 Rfd8 18. Rhd1 Qe7 19. g3 h5 20. Nb1
Ng4+ 21. fxg4 Qf6+ 22. Kg1 Bxb2 23. Rxc8 Rxc8 24. Rf1 Qe5 25. gxh5 Rd8 26.
Rd1 f5 27. h6 Qd5 28. e4 Bd4+ 29. Kf1 fxe4 30. Bc2 e3 31. h7+ Kh8 0-1

[Event "37th Greek Teams"]
[Site "Kallithea GRE"]
[Date "2009.07.04"]
[Round "1"]
[White "Zakarian,D"]
[Black "Kiriakopoulos,A"]
[Result "1-0"]
[WhiteElo "2296"]
[BlackElo "2048"]
[EventDate "2009.07.03"]

1. e4 d6 2. Nc3 Nf6 3. f4 g6 4. Nf3 Bg7 5. d4 a6 6. Bd3 b5 7. a3 Bb7 8. O-O
O-O 9. Kh1 Nbd7 10. e5 Nd5 11. Ne4 N7b6 12. Qe1 e6 13. b3 f5 14. Neg5 Re8
15. c4 Nxf4 16. Bxf4 dxe5 17. Bxe5 h6 18. Bxg7 hxg5 19. Be5 c5 20. Rd1 bxc4
21. bxc4 Qe7 22. dxc5 1-0

[Event "37th Greek Teams"]
[Site "Kallithea GRE"]
[Date "2009.07.04"]
[Round "1"]
[White "Lambropoulos,E"]
[Black "Pambalos,P"]
[Result "0-1"]
[WhiteElo "2098"]
[BlackElo "2136"]
[EventDate "2009.07.03"]

1. e4 c5 2. d4 cxd4 3. c3 dxc3 4. Nxc3 e6 5. Nf3 Nc6 6. Bc4 a6 7. O-O Qc7
8. Qe2 Bd6 9. a4 Nge7 10. Be3 Ng6 11. g3 O-O 12. Rfd1 Be7 13. Rd2 d6 14.
Rc1 Bd7 15. Nd4 Nge5 16. Ba2 Nxd4 17. Rxd4 Nc6 18. Rd2 Qa5 19. f4 Nb4 20.
Bb3 Bc6 21. Qf2 Qh5 22. Bd1 Qh3 23. Bf3 f5 24. exf5 Qxf5 25. Bxc6 Nxc6 26.
Qg2 d5 27. g4 Qf7 28. Ne2 Na5 29. Rd3 Rac8 30. Rf1 Rc2 31. Bd4 Bf6 32. f5
Bxd4+ 33. Rxd4 e5 34. Rb4 Nc4 35. Rd1 Ne3 0-1

[Event "37th Greek Teams"]
[Site "Kallithea GRE"]
[Date "2009.07.04"]
[Round "1"]
[White "Hatziathanasiou,S"]
[Black "Makropoulou,M"]
[Result "1/2-1/2"]
[WhiteElo "1744"]
[BlackElo "2245"]
[EventDate "2009.07.03"]

1. c4 e5 2. Nc3 Nf6 3. Nf3 Nc6 4. d4 exd4 5. Nxd4 Bb4 6. Nxc6 Bxc3+ 7. bxc3
bxc6 8. Ba3 d6 9. g3 Bd7 10. Bg2 O-O 11. O-O Re8 12. e3 Rb8 13. c5 d5 14.
c4 Bg4 15. Qc2 Qc8 16. cxd5 Bf5 17. Qc4 cxd5 18. Qd4 c6 19. Bb2 Qa6 20.
Rfd1 Qa5 21. Bc3 Qa3 22. h3 Be4 23. f3 Bg6 24. g4 h6 25. h4 Bc2 26. Rdc1
Qa4 27. Qxa4 Bxa4 28. Bd4 Nd7 29. Rab1 f6 30. f4 Bb5 31. Bf1 Bxf1 32. Kxf1
Kf7 33. Ke2 a6 34. a4 g6 35. a5 Rxb1 36. Rxb1 Rb8 37. Rxb8 Nxb8 38. Kf3 f5
39. g5 Nd7 40. Ke2 h5 41. Kd3 Nf8 42. Be5 Ne6 43. Bd6 Ke8 44. Kc3 Kd7 45.
Kd3 Nd8 46. Kd4 Nf7 47. Bb8 Kc8 48. Be5 Nd8 49. Bd6 Nf7 50. Be5 Kd7 51. Bb8
Ke7 52. Bc7 Ke6 53. Bb8 Kd7 54. Ba7 Nd8 55. Bb6 Ne6+ 56. Ke5 Ke7 57. Ba7
Nf8 58. Bb6 Nd7+ 59. Kd4 Ke6 60. Bc7 Ke7 61. Bb6 Nf8 62. Ke5 Ne6 63. Ba7
Nd8 64. Bb6 Nf7+ 65. Kd4 Kd7 66. Ba7 Nd8 67. Bb6 Ne6+ 68. Ke5 Ke7 69. Ba7
Nc7 70. Bb8 Ne6 71. Bd6+ Kf7 72. Bb8 Ke7 73. Bd6+ Kf7 74. Bb8 Ke7 75. Bd6+
Kf7 76. Bb8 1/2-1/2

[Event "37th Greek Teams"]
[Site "Kallithea GRE"]
[Date "2009.07.04"]
[Round "1"]
[White "Pantazidi,M"]
[Black "Sirnioti,G"]
[Result "0-1"]
[WhiteElo "1660"]
[BlackElo "1832"]
[EventDate "2009.07.03"]

1. d4 d5 2. c4 e6 3. Nc3 Nf6 4. Bg5 Nbd7 5. cxd5 exd5 6. Nxd5 Nxd5 7. Bd2
N7f6 8. Nf3 Be7 9. g3 O-O 10. Bg2 Ne4 11. a3 Nxd2 12. Qxd2 Nf6 13. O-O c5
14. Rac1 cxd4 15. Nxd4 Rb8 16. Rfd1 Qb6 17. Qc2 Be6 18. e3 Rfc8 19. Qb1
Rxc1 20. Rxc1 Rc8 21. b4 h6 22. Nxe6 Qxe6 23. Bxb7 Rxc1+ 24. Qxc1 Qa2 25.
Qc3 Qe2 26. h3 Qh5 27. Kg2 Qg6 28. Qc7 Bf8 29. Bf3 a6 30. Qb7 Qd3 31. a4
Qd7 32. Qxa6 Bxb4 33. Qa8+ Qe8 34. Qxe8+ Nxe8 35. Bc6 Nd6 36. Bd5 Kf8 37.
f4 Nc8 38. Kf3 Nb6 39. Bc6 Ke7 40. Bb5 Kd6 41. e4 f6 42. Kg4 Be1 43. Kf5
Bxg3 44. a5 Nc8 45. a6 Ne7+ 46. Kg4 Bf2 47. Bf1 Ba7 48. Bd3 Kc5 49. e5 fxe5
50. fxe5 Kd4 51. Be2 Kxe5 52. Bf3 Kd6 53. Kh5 Kc5 54. Be2 Kb6 55. Bf1 Bb8
56. Kg4 Be5 57. Kh5 Nd5 0-1

[Event "37th Greek Teams"]
[Site "Kallithea GRE"]
[Date "2009.07.04"]
[Round "1"]
[White "Diasakos,D"]
[Black "Malikentzos,S"]
[Result "0-1"]
[WhiteElo "1690"]
[BlackElo "2148"]
[EventDate "2009.07.03"]

1. d4 d5 2. c4 c6 3. cxd5 cxd5 4. Bf4 Nc6 5. e3 Nf6 6. Nc3 a6 7. Bd3 Bg4 8.
f3 Bh5 9. Nge2 e6 10. O-O Be7 11. Rc1 O-O 12. Ng3 Bg6 13. Bxg6 hxg6 14.
Nce2 Qb6 15. e4 dxe4 16. fxe4 e5 17. Be3 Ng4 18. Rf3 Nxe3 19. Rxe3 Bg5 20.
Rb3 Qa7 21. Rc4 Nxd4 22. Nxd4 exd4 23. Qxd4 b5 24. Qxa7 Rxa7 25. Rc6 Rd8
26. Kf2 Rd2+ 27. Kf3 Bf6 28. Rb6 Rxb2 29. Rxb2 Bxb2 30. a4 Be5 31. axb5
axb5 32. Rxb5 Ra3+ 33. Kg4 f6 34. Rb4 Kh7 35. Rc4 Bb8 36. Rb4 Ba7 37. Ne2
Ra2 38. Kf3 Ra1 39. h3 Rf1+ 40. Kg4 Rf2 41. Nf4 g5 42. Ne6 Rxg2+ 43. Kh5
g6+ 0-1

[Event "37th Greek Teams"]
[Site "Kallithea GRE"]
[Date "2009.07.04"]
[Round "1"]
[White "Gouliaros Antoniadis,A"]
[Black "Diasakos,S"]
[Result "1-0"]
[WhiteElo "1858"]
[BlackElo "1538"]
[EventDate "2009.07.03"]

1. e4 c5 2. Nf3 d6 3. d4 cxd4 4. Nxd4 Nf6 5. f3 g6 6. c4 Bg7 7. Be3 O-O 8.
Nc3 Nc6 9. Qd2 Bd7 10. Be2 Rc8 11. O-O Ne5 12. b3 Ne8 13. Rac1 Nc7 14. Rc2
Na6 15. Rd1 Nb4 16. Rcc1 Nbc6 17. Ndb5 a6 18. Nd5 axb5 19. Bb6 Qe8 20. cxb5
Nb8 21. a4 Rxc1 22. Rxc1 e6 23. Nc7 Qe7 24. a5 Bc8 25. a6 bxa6 26. bxa6
Nxa6 27. Nxa6 Bxa6 28. Bxa6 Ra8 29. Rc7 Qf6 30. Qe2 Nxf3+ 31. Qxf3 Qxf3 32.
gxf3 Rxa6 33. Rc8+ Bf8 34. Be3 Kg7 35. b4 d5 36. Bd4+ e5 37. b5 exd4 38.
bxa6 d3 39. Kf2 d2 40. Ke2 dxe4 41. Rxf8 exf3+ 42. Kxd2 f2 43. Rxf7+ Kxf7
44. Ke2 1-0